<?xml version="1.0" encoding="UTF-8"?>
<record
    xmlns:xsi="http://www.w3.org/2001/XMLSchema-instance"
    xsi:schemaLocation="http://www.loc.gov/MARC21/slim http://www.loc.gov/standards/marcxml/schema/MARC21slim.xsd"
    xmlns="http://www.loc.gov/MARC21/slim">

  <leader>00772nam a22001577a 4500</leader>
  <controlfield tag="003">OSt</controlfield>
  <controlfield tag="005">20151211155137.0</controlfield>
  <controlfield tag="008">151211b        xxu||||| |||| 00| 0 eng d</controlfield>
  <datafield tag="040" ind1=" " ind2=" ">
    <subfield code="c">RUA </subfield>
  </datafield>
  <datafield tag="082" ind1=" " ind2=" ">
    <subfield code="a">ATMs EM 2004 B210 Or.1</subfield>
  </datafield>
  <datafield tag="100" ind1=" " ind2=" ">
    <subfield code="9">4726</subfield>
    <subfield code="a">EM META; &#x17A2;&#x17C2;&#x1798; &#x1798;&#x17C1;&#x178F;&#x17B6;&#x17D2;&#x178F;</subfield>
  </datafield>
  <datafield tag="245" ind1=" " ind2=" ">
    <subfield code="a">Human resource management for central level of department of agriculture and agricultural land improvement, &#x1780;&#x17B6;&#x179A;&#x1782;&#x17D2;&#x179A;&#x1794;&#x17CB;&#x1782;&#x17D2;&#x179A;&#x1784;&#x1792;&#x1793;&#x1792;&#x17B6;&#x1793;&#x1798;&#x1793;&#x17BB;&#x179F;&#x17D2;&#x179F;&#x1780;&#x17D2;&#x179A;&#x17C4;&#x1798;&#x17A2;&#x1784;&#x17D2;&#x1782;&#x1797;&#x17B6;&#x1796;&#x1790;&#x17D2;&#x1793;&#x17B6;&#x1780;&#x17CB;&#x1780;&#x178E;&#x17D2;&#x178A;&#x17B6;&#x179B;&#x1793;&#x17C3;&#x1793;&#x17B6;&#x1799;&#x1780;&#x178A;&#x17D2;&#x178B;&#x17B6;&#x1793;&#x1780;&#x17D2;&#x179F;&#x17C1;&#x178F;&#x17D2;&#x179A;&#x179F;&#x17B6;&#x179F;&#x17D2;&#x179A;&#x17D2;&#x178F; &#x1793;&#x17B7;&#x1784;&#x1780;&#x17C2;&#x179B;&#x17C6;&#x17A2;&#x178A;&#x17B8;&#x1780;&#x179F;&#x17B7;&#x1780;&#x1798;&#x17D2;&#x1798;.</subfield>
  </datafield>
  <datafield tag="260" ind1=" " ind2=" ">
    <subfield code="a">Phnom Penh </subfield>
    <subfield code="b">RUA </subfield>
    <subfield code="c">2004</subfield>
  </datafield>
  <datafield tag="300" ind1=" " ind2=" ">
    <subfield code="a">viii; 45p.</subfield>
    <subfield code="b">ill.</subfield>
    <subfield code="c">29cm.</subfield>
  </datafield>
  <datafield tag="942" ind1=" " ind2=" ">
    <subfield code="2">ddc</subfield>
    <subfield code="c">ATMSP</subfield>
  </datafield>
  <datafield tag="999" ind1=" " ind2=" ">
    <subfield code="c">4405</subfield>
    <subfield code="d">4405</subfield>
  </datafield>
  <datafield tag="952" ind1=" " ind2=" ">
    <subfield code="0">0</subfield>
    <subfield code="1">0</subfield>
    <subfield code="2">ddc</subfield>
    <subfield code="4">0</subfield>
    <subfield code="6">ATMS_EM_2004_000000000000000_B210_OR_1</subfield>
    <subfield code="7">0</subfield>
    <subfield code="9">22701</subfield>
    <subfield code="a">LBB</subfield>
    <subfield code="b">LBB</subfield>
    <subfield code="c">B210</subfield>
    <subfield code="d">2015-12-11</subfield>
    <subfield code="o">ATMs EM 2004 B210 Or.1</subfield>
    <subfield code="p">RUA017724</subfield>
    <subfield code="r">2015-12-11</subfield>
    <subfield code="w">2015-12-11</subfield>
    <subfield code="y">ATMSP</subfield>
  </datafield>
  <datafield tag="952" ind1=" " ind2=" ">
    <subfield code="0">0</subfield>
    <subfield code="1">0</subfield>
    <subfield code="2">ddc</subfield>
    <subfield code="4">0</subfield>
    <subfield code="6">ATMS_EM_2004_000000000000000_B210_OR_2</subfield>
    <subfield code="7">0</subfield>
    <subfield code="9">22702</subfield>
    <subfield code="a">LBB</subfield>
    <subfield code="b">LBB</subfield>
    <subfield code="c">B210</subfield>
    <subfield code="d">2015-12-11</subfield>
    <subfield code="o">ATMs EM 2004 B210 Or.2</subfield>
    <subfield code="p">RUA017796</subfield>
    <subfield code="r">2015-12-11</subfield>
    <subfield code="w">2015-12-11</subfield>
    <subfield code="y">ATMSP</subfield>
  </datafield>
  <datafield tag="952" ind1=" " ind2=" ">
    <subfield code="0">0</subfield>
    <subfield code="1">0</subfield>
    <subfield code="2">ddc</subfield>
    <subfield code="4">0</subfield>
    <subfield code="6">ATMS_EM_2004_000000000000000_B210_OR_3</subfield>
    <subfield code="7">0</subfield>
    <subfield code="9">22703</subfield>
    <subfield code="a">LBB</subfield>
    <subfield code="b">LBB</subfield>
    <subfield code="c">B210</subfield>
    <subfield code="d">2015-12-11</subfield>
    <subfield code="o">ATMs EM 2004 B210 Or.3</subfield>
    <subfield code="p">RUA017514</subfield>
    <subfield code="r">2015-12-11</subfield>
    <subfield code="w">2015-12-11</subfield>
    <subfield code="y">ATMSP</subfield>
  </datafield>
  <datafield tag="952" ind1=" " ind2=" ">
    <subfield code="0">0</subfield>
    <subfield code="1">0</subfield>
    <subfield code="2">ddc</subfield>
    <subfield code="4">0</subfield>
    <subfield code="6">ATMS_EM_2004_000000000000000_B210_OR_4</subfield>
    <subfield code="7">0</subfield>
    <subfield code="9">22704</subfield>
    <subfield code="a">LBB</subfield>
    <subfield code="b">LBB</subfield>
    <subfield code="c">B210</subfield>
    <subfield code="d">2015-12-11</subfield>
    <subfield code="o">ATMs EM 2004 B210 Or.4</subfield>
    <subfield code="p">RUA017940</subfield>
    <subfield code="r">2015-12-11</subfield>
    <subfield code="w">2015-12-11</subfield>
    <subfield code="y">ATMSP</subfield>
  </datafield>
  <datafield tag="952" ind1=" " ind2=" ">
    <subfield code="0">0</subfield>
    <subfield code="1">0</subfield>
    <subfield code="2">ddc</subfield>
    <subfield code="4">0</subfield>
    <subfield code="6">ATMS_EM_2004_000000000000000_B210_OR_5</subfield>
    <subfield code="7">0</subfield>
    <subfield code="9">22705</subfield>
    <subfield code="a">LBB</subfield>
    <subfield code="b">LBB</subfield>
    <subfield code="c">B210</subfield>
    <subfield code="d">2015-12-11</subfield>
    <subfield code="o">ATMs EM 2004 B210 Or.5</subfield>
    <subfield code="p">RUA017586</subfield>
    <subfield code="r">2015-12-11</subfield>
    <subfield code="w">2015-12-11</subfield>
    <subfield code="y">ATMSP</subfield>
  </datafield>
  <datafield tag="952" ind1=" " ind2=" ">
    <subfield code="0">0</subfield>
    <subfield code="1">0</subfield>
    <subfield code="2">ddc</subfield>
    <subfield code="4">0</subfield>
    <subfield code="6">ATMS_EM_2004_000000000000000_B210_OR_6</subfield>
    <subfield code="7">0</subfield>
    <subfield code="9">22706</subfield>
    <subfield code="a">LBB</subfield>
    <subfield code="b">LBB</subfield>
    <subfield code="c">B210</subfield>
    <subfield code="d">2015-12-11</subfield>
    <subfield code="o">ATMs EM 2004 B210 Or.6</subfield>
    <subfield code="p">RUA009470</subfield>
    <subfield code="r">2015-12-11</subfield>
    <subfield code="w">2015-12-11</subfield>
    <subfield code="y">ATMSP</subfield>
  </datafield>
  <datafield tag="952" ind1=" " ind2=" ">
    <subfield code="0">0</subfield>
    <subfield code="1">0</subfield>
    <subfield code="2">ddc</subfield>
    <subfield code="4">0</subfield>
    <subfield code="6">ATMS_EM_2004_000000000000000_B210_OR_7</subfield>
    <subfield code="7">0</subfield>
    <subfield code="9">22707</subfield>
    <subfield code="a">LBB</subfield>
    <subfield code="b">LBB</subfield>
    <subfield code="c">B210</subfield>
    <subfield code="d">2015-12-11</subfield>
    <subfield code="o">ATMs EM 2004 B210 Or.7</subfield>
    <subfield code="p">RUA033536</subfield>
    <subfield code="r">2015-12-11</subfield>
    <subfield code="w">2015-12-11</subfield>
    <subfield code="y">ATMSP</subfield>
  </datafield>
  <datafield tag="952" ind1=" " ind2=" ">
    <subfield code="0">0</subfield>
    <subfield code="1">0</subfield>
    <subfield code="2">ddc</subfield>
    <subfield code="4">0</subfield>
    <subfield code="6">ATMS_EM_2004_000000000000000_B210_OR_8</subfield>
    <subfield code="7">0</subfield>
    <subfield code="9">22708</subfield>
    <subfield code="a">LBB</subfield>
    <subfield code="b">LBB</subfield>
    <subfield code="c">B210</subfield>
    <subfield code="d">2015-12-11</subfield>
    <subfield code="o">ATMs EM 2004 B210 Or.8</subfield>
    <subfield code="p">RUA033609</subfield>
    <subfield code="r">2015-12-11</subfield>
    <subfield code="w">2015-12-11</subfield>
    <subfield code="y">ATMSP</subfield>
  </datafield>
  <datafield tag="952" ind1=" " ind2=" ">
    <subfield code="0">0</subfield>
    <subfield code="1">0</subfield>
    <subfield code="2">ddc</subfield>
    <subfield code="4">0</subfield>
    <subfield code="6">ATMS_EM_2004_000000000000000_B210_OR_9</subfield>
    <subfield code="7">0</subfield>
    <subfield code="9">22709</subfield>
    <subfield code="a">LBB</subfield>
    <subfield code="b">LBB</subfield>
    <subfield code="c">B210</subfield>
    <subfield code="d">2015-12-11</subfield>
    <subfield code="o">ATMs EM 2004 B210 Or.9</subfield>
    <subfield code="p">RUA033639</subfield>
    <subfield code="r">2015-12-11</subfield>
    <subfield code="w">2015-12-11</subfield>
    <subfield code="y">ATMSP</subfield>
  </datafield>
</record>
